[Event "Stay Safe Play From Home 392"]
[Site "Emanuel Lasker Arena"]
[Date "2020.08.18"]
[Round "3"]
[White "Stefanone"]
[Black "Dreamsoldier"]
[Result "1-0"]
[WhiteElo "1939"]
[BlackElo "1239"]
[PlyCount "51"]
[EventDate "2020.08.18"]
[EventType "swiss (blitz)"]

1. d4 {[%emt 0:00:01]} Nf6 {[%emt 0:00:00]} 2. e3 {[%emt 0:00:00]} g6 {[%emt 0:00:00]} 3. f4 {[%emt 0:00:00]} Bg7 {[%emt 0:00:00]} 4. Nf3 {[%emt 0:00:00]} O-O {[%emt 0:00:00]} 5. Bd3 {[%emt 0:00:00]} d6 {[%emt 0:00:00]} 6. Qe2 {[%emt 0:00:00]} Bg4 {[%emt 0:00:01]} 7. Nbd2 {[%emt 0:00:01]} Nc6 {[%emt 0:00:01]} 8. O-O {[%emt 0:00:01]} Nb4 {[%emt 0:00:00]} 9. c3 {[%emt 0:00:01]} Nxd3 {[%emt 0:00:01]} 10. Qxd3 {[%emt 0:00:00]} Bxf3 {[%emt 0:00:00]} 11. Nxf3 {[%emt 0:00:01]} c6 {[%emt 0:00:02]} 12. Qe2 {[%emt 0:00:00]} c5 {[%emt 0:00:01]} 13. e4 {[%emt 0:00:00]} cxd4 {[%emt 0:00:01]} 14. cxd4 {[%emt 0:00:00]} Qa5 {[%emt 0:00:01]} 15. Bd2 {[%emt 0:00:01]} Qh5 {[%emt 0:00:01]} 16. Bc3 {[%emt 0:00:01]} b6 {[%emt 0:00:02]} 17. e5 {[%emt 0:00:01]} dxe5 {[%emt 0:00:01]} 18. fxe5 {[%emt 0:00:00]} Nd5 {[%emt 0:00:00]} 19. Rac1 {[%emt 0:00:02]} Nxc3 {[%emt 0:00:01]} 20. bxc3 {[%emt 0:00:00]} Rac8 {[%emt 0:00:01]} 21. e6 {[%emt 0:00:01]} fxe6 {[%emt 0:00:02]} 22. Qxe6+ {[%emt 0:00:01]} Kh8 {[%emt 0:00:01]} 23. h4 {[%emt 0:00:02]} Rxf3 {[%emt 0:00:02]} 24. Qxc8+ {[%emt 0:00:01]} Bf8 {[%emt 0:00:01]} 25. Rxf3 {[%emt 0:00:03]} Kg7 {[%emt 0:00:02]} 26. Qxf8# {[%emt 0:00:02] (Lag: Av=0.38s, max=0.6s) (Lag: Av=0.38s, max=0.6s) (Lag: Av=0.38s, max=0.6s)} 1-0

[Event "Stay Safe Play From Home 392"]
[Site "Emanuel Lasker Arena"]
[Date "2020.08.18"]
[Round "3"]
[White "Fat Kevin"]
[Black "Mepe_Nika"]
[Result "0-1"]
[WhiteElo "1938"]
[BlackElo "2383"]
[PlyCount "70"]
[EventDate "2020.08.18"]
[EventType "swiss (blitz)"]

1. d4 {[%emt 0:00:01]} d5 {[%emt 0:00:02]} 2. c4 {[%emt 0:00:00]} c6 {[%emt 0:00:01]} 3. Nc3 {[%emt 0:00:00]} Nf6 {[%emt 0:00:01]} 4. Nf3 {[%emt 0:00:00]} e6 {[%emt 0:00:00]} 5. Bg5 {[%emt 0:00:00]} Nbd7 {[%emt 0:00:01]} 6. e3 {[%emt 0:00:00]} Qa5 {[%emt 0:00:00]} 7. Be2 {[%emt 0:00:01]} Bb4 {[%emt 0:00:02]} 8. Qb3 {[%emt 0:00:10]} Ne4 {[%emt 0:00:02]} 9. Rc1 {[%emt 0:00:01]} Bxc3+ {[%emt 0:00:03]} 10. bxc3 {[%emt 0:00:00]} Nxg5 {[%emt 0:00:01]} 11. Nxg5 {[%emt 0:00:01]} dxc4 {[%emt 0:00:00]} 12. Bxc4 {[%emt 0:00:01]} Qxg5 {[%emt 0:00:01]} 13. O-O {[%emt 0:00:01]} O-O {[%emt 0:00:01]} 14. f4 {[%emt 0:00:02]} Qg6 {[%emt 0:00:02]} 15. Qd1 {[%emt 0:00:03]} Qe4 {[%emt 0:00:03]} 16. Qe2 {[%emt 0:00:03]} Nf6 {[%emt 0:00:02]} 17. Bd3 {[%emt 0:00:02]} Qd5 {[%emt 0:00:01]} 18. e4 {[%emt 0:00:01]} Qh5 {[%emt 0:00:01]} 19. Qe1 {[%emt 0:00:03]} Qa5 {[%emt 0:00:04]} 20. h3 {[%emt 0:00:03]} c5 {[%emt 0:00:01]} 21. Qh4 {[%emt 0:00:04]} cxd4 {[%emt 0:00:03]} 22. cxd4 {[%emt 0:00:00]} Qh5 {[%emt 0:00:01]} 23. Qf2 {[%emt 0:00:02]} Qa5 {[%emt 0:00:04]} 24. g4 {[%emt 0:00:02]} b6 {[%emt 0:00:03]} 25. g5 {[%emt 0:00:02]} Nd7 {[%emt 0:00:01]} 26. Qh4 {[%emt 0:00:01]} Ba6 {[%emt 0:00:01]} 27. Bb1 {[%emt 0:00:03]} Rfc8 {[%emt 0:00:03]} 28. Rxc8+ {[%emt 0:00:04]} Rxc8 {[%emt 0:00:01]} 29. e5 {[%emt 0:00:02]} Nf8 {[%emt 0:00:01]} 30. Re1 {[%emt 0:00:01]} Qd2 {[%emt 0:00:01]} 31. Qg3 {[%emt 0:00:02]} Qxd4+ {[%emt 0:00:02]} 32. Kh1 {[%emt 0:00:02]} Bb7+ {[%emt 0:00:01]} 33. Kh2 {[%emt 0:00:01]} Qd2+ {[%emt 0:00:01]} 34. Kg1 {[%emt 0:00:02]} Rc1 {[%emt 0:00:01]} 35. Qf2 {[%emt 0:00:00]} Rxe1+ {[%emt 0:00:01] Zeit Zeit Zeit (Lag: Av=0.52s, max=1.6s) (Lag: Av=0.52s, max=1.6s) (Lag: Av=0.52s, max=1.6s)} 0-1

[Event "Stay Safe Play From Home 392"]
[Site "Emanuel Lasker Arena"]
[Date "2020.08.18"]
[Round "3"]
[White "Ronakkhurana"]
[Black "Trotsky"]
[Result "0-1"]
[WhiteElo "1157"]
[BlackElo "1605"]
[Annotator "NA"]
[PlyCount "36"]
[EventDate "2020.08.18"]
[EventType "swiss (blitz)"]

1. d4 {[%emt 0:00:04]} d5 {[%emt 0:00:01]} 2. Nf3 {[%emt 0:00:04]} e6 {[%emt 0:00:00]} 3. Nc3 {[%emt 0:00:05]} c5 {[%emt 0:00:01]} 4. dxc5 {[%emt 0:00:02]} Bxc5 {[%emt 0:00:01]} 5. Be3 {[%emt 0:00:02]} Bd6 {[%emt 0:00:02]} 6. b4 {[%emt 0:00:03]} Nc6 {[%emt 0:00:01]} 7. Rb1 {[%emt 0:00:03]} a6 {[%emt 0:00:01]} 8. g3 {[%emt 0:00:05]} Nf6 {[%emt 0:00:01]} 9. Bh3 {[%emt 0:00:04]} Qc7 {[%emt 0:00:02]} 10. Nh4 {[%emt 0:00:05]} Bd7 {[%emt 0:00:01]} 11. f4 {[%emt 0:00:03]} O-O-O {[%emt 0:00:01]} 12. O-O {[%emt 0:00:02]} h5 {[%emt 0:00:02]} 13. Re1 {[%emt 0:00:02]} g5 {[%emt 0:00:01]} 14. fxg5 {[%emt 0:00:02]} Ng4 {[%emt 0:00:04]} 15. Bxg4 {[%emt 0:00:02]} hxg4 {[%emt 0:00:01]} 16. g6 {[%emt 0:00:03]} Bxg3 {[%emt 0:00:01]} 17. gxf7 {[%emt 0:00:03]} Bxh2+ {[%emt 0:00:03]} 18. Kf1 {[%emt 0:00:04]} Rdf8 {[%emt 0:00:04] TimeW TimeW TimeW} 0-1

[Event "Stay Safe Play From Home 392"]
[Site "Emanuel Lasker Arena"]
[Date "2020.08.18"]
[Round "4"]
[White "Lamborghini"]
[Black "IceQueen"]
[Result "0-1"]
[WhiteElo "2360"]
[BlackElo "2348"]
[PlyCount "116"]
[EventDate "2020.08.18"]
[EventType "swiss (blitz)"]

1. e4 {[%emt 0:00:02]} d6 {[%emt 0:00:00]} 2. d4 {[%emt 0:00:01]} Nf6 {[%emt 0:00:00]} 3. Nc3 {[%emt 0:00:00]} g6 {[%emt 0:00:01]} 4. Be3 {[%emt 0:00:03]} c6 {[%emt 0:00:00]} 5. Qf3 {[%emt 0:00:01]} b5 {[%emt 0:00:00]} 6. e5 {[%emt 0:00:01]} b4 {[%emt 0:00:01]} 7. Nb5 {[%emt 0:00:04]} Nd5 {[%emt 0:00:02]} 8. c4 {[%emt 0:00:01]} bxc3 {[%emt 0:00:02]} 9. Nxc3 {[%emt 0:00:02]} Nxe3 {[%emt 0:00:02]} 10. fxe3 {[%emt 0:00:01]} Bg7 {[%emt 0:00:01]} 11. Bd3 {[%emt 0:00:01]} O-O {[%emt 0:00:01]} 12. exd6 {[%emt 0:00:00]} Qxd6 {[%emt 0:00:01]} 13. Nge2 {[%emt 0:00:00]} Bb7 {[%emt 0:00:00]} 14. O-O {[%emt 0:00:01]} Nd7 {[%emt 0:00:01]} 15. Ne4 {[%emt 0:00:01]} Qb4 {[%emt 0:00:02]} 16. b3 {[%emt 0:00:02]} c5 {[%emt 0:00:02]} 17. a3 {[%emt 0:00:01]} Qb6 {[%emt 0:00:01]} 18. Qg3 {[%emt 0:00:07]} cxd4 {[%emt 0:00:02]} 19. exd4 {[%emt 0:00:00]} Bxd4+ {[%emt 0:00:01]} 20. Kh1 {[%emt 0:00:02]} Bxa1 {[%emt 0:00:02]} 21. Rxa1 {[%emt 0:00:02]} Nf6 {[%emt 0:00:01]} 22. Nxf6+ {[%emt 0:00:01]} exf6 {[%emt 0:00:00]} 23. Bc4 {[%emt 0:00:01]} Rad8 {[%emt 0:00:04]} 24. Nf4 {[%emt 0:00:02]} Kg7 {[%emt 0:00:03]} 25. Rf1 {[%emt 0:00:03]} f5 {[%emt 0:00:03]} 26. Qh4 {[%emt 0:00:02]} Qf6 {[%emt 0:00:03]} 27. Qg3 {[%emt 0:00:01]} Kh8 {[%emt 0:00:01]} 28. h4 {[%emt 0:00:01]} Rd4 {[%emt 0:00:01]} 29. h5 {[%emt 0:00:01]} g5 {[%emt 0:00:01]} 30. Ne2 {[%emt 0:00:02]} Rg4 {[%emt 0:00:02]} 31. Qxg4 {[%emt 0:00:01]} fxg4 {[%emt 0:00:02]} 32. Rxf6 {[%emt 0:00:02]} Kg7 {[%emt 0:00:00]} 33. Rf5 {[%emt 0:00:02]} h6 {[%emt 0:00:02]} 34. Ng3 {[%emt 0:00:01]} f6 {[%emt 0:00:01]} 35. Rc5 {[%emt 0:00:01]} Bc8 {[%emt 0:00:04]} 36. Nf5+ {[%emt 0:00:00]} Bxf5 {[%emt 0:00:02]} 37. Rxf5 {[%emt 0:00:00]} Re8 {[%emt 0:00:00]} 38. Ra5 {[%emt 0:00:01]} Re7 {[%emt 0:00:00]} 39. Kh2 {[%emt 0:00:00]} f5 {[%emt 0:00:01]} 40. Kg3 {[%emt 0:00:00]} f4+ {[%emt 0:00:00]} 41. Kxg4 {[%emt 0:00:01]} Re3 {[%emt 0:00:01]} 42. Ra6 {[%emt 0:00:00]} Re5 {[%emt 0:00:01]} 43. Rg6+ {[%emt 0:00:01]} Kh7 {[%emt 0:00:01]} 44. Rxh6+ {[%emt 0:00:00]} Kxh6 {[%emt 0:00:01]} 45. Kf3 {[%emt 0:00:00]} Re3+ {[%emt 0:00:00]} 46. Kg4 {[%emt 0:00:00]} Rg3+ {[%emt 0:00:00]} 47. Kf5 {[%emt 0:00:00]} f3 {[%emt 0:00:00]} 48. Bf7 {[%emt 0:00:00]} f2 {[%emt 0:00:00]} 49. Bg6 {[%emt 0:00:00]} f1=Q+ {[%emt 0:00:00]} 50. Ke6 {[%emt 0:00:00]} Qf2 {[%emt 0:00:00]} 51. Be4 {[%emt 0:00:00]} Rxg2 {[%emt 0:00:00]} 52. Kd5 {[%emt 0:00:00]} Qe2 {[%emt 0:00:00]} 53. Bxg2 {[%emt 0:00:01]} Qe3 {[%emt 0:00:00]} 54. Kc4 {[%emt 0:00:01]} Qf4+ {[%emt 0:00:00]} 55. Kc5 {[%emt 0:00:01]} g4 {[%emt 0:00:00]} 56. Bd5 {[%emt 0:00:01]} g3 {[%emt 0:00:00]} 57. b4 {[%emt 0:00:00]} Qg5 {[%emt 0:00:00]} 58. b5 {[%emt 0:00:00]} g2 {[%emt 0:00:00] Zeit Zeit Zeit (Lag: Av=0.41s, max=1.1s) (Lag: Av=0.41s, max=1.1s) (Lag: Av=0.41s, max=1.1s)} 0-1

[Event "Stay Safe Play From Home 392"]
[Site "Emanuel Lasker Arena"]
[Date "2020.08.18"]
[Round "4"]
[White "TheCHESSHOUSE"]
[Black "Stefanone"]
[Result "1-0"]
[WhiteElo "1972"]
[BlackElo "1939"]
[Annotator "NA"]
[PlyCount "61"]
[EventDate "2020.08.18"]
[EventType "swiss (blitz)"]

1. d4 {[%emt 0:00:02]} d5 {[%emt 0:00:00]} 2. c4 {[%emt 0:00:00]} c6 {[%emt 0:00:00]} 3. cxd5 {[%emt 0:00:01]} cxd5 {[%emt 0:00:01]} 4. Nc3 {[%emt 0:00:00]} e6 {[%emt 0:00:00]} 5. Bf4 {[%emt 0:00:00]} f5 {[%emt 0:00:01]} 6. Rc1 {[%emt 0:00:00]} Nf6 {[%emt 0:00:01]} 7. Nf3 {[%emt 0:00:01]} Bd6 {[%emt 0:00:01]} 8. Bxd6 {[%emt 0:00:01]} Qxd6 {[%emt 0:00:00]} 9. e3 {[%emt 0:00:00]} Qe7 {[%emt 0:00:00]} 10. Bb5+ {[%emt 0:00:01]} Bd7 {[%emt 0:00:01]} 11. Bd3 {[%emt 0:00:03]} O-O {[%emt 0:00:06]} 12. h3 {[%emt 0:00:01]} Bc6 {[%emt 0:00:01]} 13. Ne5 {[%emt 0:00:01]} Nbd7 {[%emt 0:00:01]} 14. f4 {[%emt 0:00:01]} Nxe5 {[%emt 0:00:01]} 15. dxe5 {[%emt 0:00:01]} Ne4 {[%emt 0:00:00]} 16. Bxe4 {[%emt 0:00:04]} fxe4 {[%emt 0:00:00]} 17. O-O {[%emt 0:00:01]} Rad8 {[%emt 0:00:02]} 18. Ne2 {[%emt 0:00:01]} g5 {[%emt 0:00:11]} 19. Nd4 {[%emt 0:00:02]} gxf4 {[%emt 0:00:02]} 20. exf4 {[%emt 0:00:00]} Qg7 {[%emt 0:00:01]} 21. Rc3 {[%emt 0:00:01]} Kh8 {[%emt 0:00:01]} 22. Qe1 {[%emt 0:00:03]} Rc8 {[%emt 0:00:01]} 23. Rg3 {[%emt 0:00:01]} Qf7 {[%emt 0:00:01]} 24. Rg5 {[%emt 0:00:01]} Rg8 {[%emt 0:00:01]} 25. Qh4 {[%emt 0:00:02]} Rxg5 {[%emt 0:00:01]} 26. fxg5 {[%emt 0:00:00]} Qg7 {[%emt 0:00:01]} 27. Nxe6 {[%emt 0:00:01]} Qg6 {[%emt 0:00:01]} 28. Rf6 {[%emt 0:00:02]} Qe8 {[%emt 0:00:03]} 29. g6 {[%emt 0:00:01]} Qg8 {[%emt 0:00:02]} 30. gxh7 {[%emt 0:00:01]} Qxh7 {[%emt 0:00:01]} 31. Rh6 {[%emt 0:00:01] Stefanone abbandona Stefanone abbandona Stefanone abbandona (Lag: Av=0.55s, max=1.3s) (Lag: Av=0.55s, max=1.3s) (Lag: Av=0.55s, max=1.3s)} 1-0

[Event "Stay Safe Play From Home 392"]
[Site "Emanuel Lasker Arena"]
[Date "2020.08.18"]
[Round "4"]
[White "Trotsky"]
[Black "AChessPlayer"]
[Result "0-1"]
[WhiteElo "1608"]
[BlackElo "2355"]
[PlyCount "62"]
[EventDate "2020.08.18"]
[EventType "swiss (blitz)"]

1. d4 {[%emt 0:00:01]} d6 {[%emt 0:00:00]} 2. e3 {[%emt 0:00:00]} Nd7 {[%emt 0:00:00]} 3. c4 {[%emt 0:00:01]} Ngf6 {[%emt 0:00:00]} 4. Nc3 {[%emt 0:00:01]} e5 {[%emt 0:00:00]} 5. Bd3 {[%emt 0:00:01]} Be7 {[%emt 0:00:00]} 6. Qc2 {[%emt 0:00:01]} O-O {[%emt 0:00:00]} 7. Nf3 {[%emt 0:00:01]} c6 {[%emt 0:00:01]} 8. Ng5 {[%emt 0:00:02]} h6 {[%emt 0:00:01]} 9. h4 {[%emt 0:00:01]} Qc7 {[%emt 0:00:02]} 10. Nce4 {[%emt 0:00:02]} Nxe4 {[%emt 0:00:02]} 11. Bxe4 {[%emt 0:00:01]} Nf6 {[%emt 0:00:00]} 12. Bh7+ {[%emt 0:00:03]} Kh8 {[%emt 0:00:01]} 13. Bd2 {[%emt 0:00:01]} exd4 {[%emt 0:00:02]} 14. exd4 {[%emt 0:00:01]} d5 {[%emt 0:00:00]} 15. O-O-O {[%emt 0:00:02]} dxc4 {[%emt 0:00:01]} 16. Bc3 {[%emt 0:00:01]} Qf4+ {[%emt 0:00:05]} 17. Kb1 {[%emt 0:00:02]} Bg4 {[%emt 0:00:02]} 18. Rde1 {[%emt 0:00:09]} Bd6 {[%emt 0:00:03]} 19. d5 {[%emt 0:00:02]} Nxd5 {[%emt 0:00:03]} 20. Bg8 {[%emt 0:00:02]} Nxc3+ {[%emt 0:00:02]} 21. Ka1 {[%emt 0:00:01]} Bf5 {[%emt 0:00:01]} 22. Ne4 {[%emt 0:00:05]} Nxe4 {[%emt 0:00:01]} 23. g3 {[%emt 0:00:08]} Qxf2 {[%emt 0:00:02]} 24. Qxf2 {[%emt 0:00:05]} Nxf2 {[%emt 0:00:00]} 25. Rhf1 {[%emt 0:00:01]} Kxg8 {[%emt 0:00:00]} 26. Rxf2 {[%emt 0:00:01]} Bd3 {[%emt 0:00:00]} 27. Rf3 {[%emt 0:00:02]} Bb4 {[%emt 0:00:01]} 28. a3 {[%emt 0:00:01]} Rad8 {[%emt 0:00:00]} 29. axb4 {[%emt 0:00:01]} Rde8 {[%emt 0:00:00]} 30. Rc1 {[%emt 0:00:01]} Re2 {[%emt 0:00:01]} 31. Rff1 {[%emt 0:00:01] . . .} b5 {[%emt 0:00:01] ' ' ' Âðåìÿ Âðåìÿ Âðåìÿ (Lag: Av=0.47s, max=1.1s) (Lag: Av=0.47s, max=1.1s) (Lag: Av=0.47s, max=1.1s)} 0-1

[Event "Stay Safe Play From Home 392"]
[Site "Emanuel Lasker Arena"]
[Date "2020.08.18"]
[Round "4"]
[White "SashaGrebeniuc"]
[Black "Fat Kevin"]
[Result "0-1"]
[WhiteElo "1096"]
[BlackElo "1936"]
[Annotator "NA"]
[PlyCount "54"]
[EventDate "2020.08.18"]
[EventType "swiss (blitz)"]

1. d4 {[%emt 0:00:02]} c6 {[%emt 0:00:00]} 2. e4 {[%emt 0:00:02]} d5 {[%emt 0:00:00]} 3. e5 {[%emt 0:00:04]} e6 {[%emt 0:00:01]} 4. Nf3 {[%emt 0:00:02]} c5 {[%emt 0:00:00]} 5. c3 {[%emt 0:00:02]} Nc6 {[%emt 0:00:00]} 6. Be3 {[%emt 0:00:01]} cxd4 {[%emt 0:00:04]} 7. Bxd4 {[%emt 0:00:09]} Nge7 {[%emt 0:00:00]} 8. Bb5 {[%emt 0:00:02]} Nf5 {[%emt 0:00:00]} 9. Bxc6+ {[%emt 0:00:02]} bxc6 {[%emt 0:00:00]} 10. O-O {[%emt 0:00:02]} c5 {[%emt 0:00:00]} 11. Be3 {[%emt 0:00:05]} Nxe3 {[%emt 0:00:00]} 12. fxe3 {[%emt 0:00:01]} Ba6 {[%emt 0:00:00]} 13. Qa4+ {[%emt 0:00:04]} Qd7 {[%emt 0:00:02]} 14. Qxa6 {[%emt 0:00:02]} Be7 {[%emt 0:00:00]} 15. Qe2 {[%emt 0:00:02]} O-O {[%emt 0:00:00]} 16. Nbd2 {[%emt 0:00:01]} f5 {[%emt 0:00:00]} 17. Nb3 {[%emt 0:00:01]} f4 {[%emt 0:00:01]} 18. exf4 {[%emt 0:00:02]} Rxf4 {[%emt 0:00:00]} 19. Nfd2 {[%emt 0:00:01]} Raf8 {[%emt 0:00:00]} 20. Rxf4 {[%emt 0:00:02]} Rxf4 {[%emt 0:00:00]} 21. Rf1 {[%emt 0:00:01]} Rf8 {[%emt 0:00:01]} 22. Rxf8+ {[%emt 0:00:02]} Bxf8 {[%emt 0:00:00]} 23. Nc1 {[%emt 0:00:01]} d4 {[%emt 0:00:01]} 24. cxd4 {[%emt 0:00:02]} cxd4 {[%emt 0:00:00]} 25. Kh1 {[%emt 0:00:02]} Bc5 {[%emt 0:00:00]} 26. Nd3 {[%emt 0:00:01]} Bb6 {[%emt 0:00:01]} 27. Nc4 {[%emt 0:00:02]} Bc7 {[%emt 0:00:02]} 0-1

[Event "Stay Safe Play From Home 392"]
[Site "Emanuel Lasker Arena"]
[Date "2020.08.18"]
[Round "5"]
[White "Mepe_Nika"]
[Black "NTBT_DHS"]
[Result "0-1"]
[WhiteElo "2385"]
[BlackElo "2541"]
[PlyCount "112"]
[EventDate "2020.08.18"]
[EventType "swiss (blitz)"]

1. d4 {[%emt 0:00:01]} Nf6 {[%emt 0:00:01]} 2. Bf4 {[%emt 0:00:01]} g6 {[%emt 0:00:00]} 3. e3 {[%emt 0:00:01]} Bg7 {[%emt 0:00:00]} 4. Nf3 {[%emt 0:00:00]} O-O {[%emt 0:00:00]} 5. Be2 {[%emt 0:00:00]} c5 {[%emt 0:00:00]} 6. h3 {[%emt 0:00:01]} Qb6 {[%emt 0:00:01]} 7. Qc1 {[%emt 0:00:02]} cxd4 {[%emt 0:00:02]} 8. exd4 {[%emt 0:00:01]} Nc6 {[%emt 0:00:01]} 9. c3 {[%emt 0:00:01]} d6 {[%emt 0:00:01]} 10. O-O {[%emt 0:00:00]} Bf5 {[%emt 0:00:01]} 11. Nbd2 {[%emt 0:00:01]} Rac8 {[%emt 0:00:01]} 12. Nc4 {[%emt 0:00:01]} Qd8 {[%emt 0:00:01]} 13. Ne3 {[%emt 0:00:00]} Be4 {[%emt 0:00:01]} 14. Nd2 {[%emt 0:00:01]} Nxd4 {[%emt 0:00:01]} 15. Bd1 {[%emt 0:00:03]} Bd3 {[%emt 0:00:01]} 16. Re1 {[%emt 0:00:02]} Ne6 {[%emt 0:00:02]} 17. Bf3 {[%emt 0:00:02]} Nxf4 {[%emt 0:00:01]} 18. Bxb7 {[%emt 0:00:01]} Rb8 {[%emt 0:00:00]} 19. Bf3 {[%emt 0:00:01]} Qb6 {[%emt 0:00:01]} 20. Nb3 {[%emt 0:00:01]} Rfc8 {[%emt 0:00:02]} 21. Ng4 {[%emt 0:00:00]} e5 {[%emt 0:00:04]} 22. Nxf6+ {[%emt 0:00:01]} Bxf6 {[%emt 0:00:00]} 23. Qd2 {[%emt 0:00:01]} a5 {[%emt 0:00:02]} 24. Rad1 {[%emt 0:00:01]} a4 {[%emt 0:00:01]} 25. Nc1 {[%emt 0:00:01]} Bf5 {[%emt 0:00:02]} 26. b4 {[%emt 0:00:01]} axb3 {[%emt 0:00:01]} 27. Nxb3 {[%emt 0:00:01]} Nd3 {[%emt 0:00:01]} 28. Re3 {[%emt 0:00:02]} Nc5 {[%emt 0:00:03]} 29. Qxd6 {[%emt 0:00:00]} Qxd6 {[%emt 0:00:03]} 30. Rxd6 {[%emt 0:00:00]} Be7 {[%emt 0:00:01]} 31. Rd1 {[%emt 0:00:02]} Nxb3 {[%emt 0:00:00]} 32. axb3 {[%emt 0:00:00]} f6 {[%emt 0:00:01]} 33. g4 {[%emt 0:00:02]} Be6 {[%emt 0:00:01]} 34. b4 {[%emt 0:00:01]} Rc4 {[%emt 0:00:01]} 35. Rd7 {[%emt 0:00:03]} Kf8 {[%emt 0:00:03]} 36. Ra7 {[%emt 0:00:03]} Rbc8 {[%emt 0:00:00]} 37. g5 {[%emt 0:00:04]} Rxc3 {[%emt 0:00:01]} 38. gxf6 {[%emt 0:00:01]} Bxf6 {[%emt 0:00:01]} 39. Rxc3 {[%emt 0:00:01]} Rxc3 {[%emt 0:00:00]} 40. Rxh7 {[%emt 0:00:00]} Rxf3 {[%emt 0:00:01]} 41. Kg2 {[%emt 0:00:01]} Bd5 {[%emt 0:00:00]} 42. Kh2 {[%emt 0:00:02]} e4 {[%emt 0:00:02]} 43. Ra7 {[%emt 0:00:02]} Be5+ {[%emt 0:00:00]} 44. Kg2 {[%emt 0:00:01]} Rxf2+ {[%emt 0:00:00]} 45. Kxf2 {[%emt 0:00:01]} Bd4+ {[%emt 0:00:00]} 46. Kg3 {[%emt 0:00:00]} Bxa7 {[%emt 0:00:00]} 47. Kf4 {[%emt 0:00:00]} Kf7 {[%emt 0:00:01]} 48. h4 {[%emt 0:00:00]} Ba8 {[%emt 0:00:01]} 49. b5 {[%emt 0:00:00]} e3 {[%emt 0:00:01]} 50. b6 {[%emt 0:00:03]} Bxb6 {[%emt 0:00:00]} 51. h5 {[%emt 0:00:02]} gxh5 {[%emt 0:00:01]} 52. Kg5 {[%emt 0:00:00]} e2 {[%emt 0:00:00]} 53. Kf5 {[%emt 0:00:00]} e1=Q {[%emt 0:00:01]} 54. Kg5 {[%emt 0:00:00]} Qg3+ {[%emt 0:00:01]} 55. Kh6 {[%emt 0:00:00]} Be3+ {[%emt 0:00:01]} 56. Kxh5 {[%emt 0:00:01]} Bf3# {[%emt 0:00:01] (Lag: Av=0.61s, max=1.2s) (Lag: Av=0.61s, max=1.2s) (Lag: Av=0.61s, max=1.2s)} 0-1

[Event "Stay Safe Play From Home 392"]
[Site "Emanuel Lasker Arena"]
[Date "2020.08.18"]
[Round "5"]
[White "IceQueen"]
[Black "Tran Minh Thang"]
[Result "0-1"]
[WhiteElo "2366"]
[BlackElo "2473"]
[PlyCount "48"]
[EventDate "2020.08.18"]
[EventType "swiss (blitz)"]

1. e4 {[%emt 0:00:01]} c5 {[%emt 0:00:01]} 2. Nc3 {[%emt 0:00:00]} a6 {[%emt 0:00:01]} 3. Nf3 {[%emt 0:00:00]} e6 {[%emt 0:00:01]} 4. a4 {[%emt 0:00:00]} d6 {[%emt 0:00:01]} 5. d4 {[%emt 0:00:00]} cxd4 {[%emt 0:00:00]} 6. Nxd4 {[%emt 0:00:00]} Nf6 {[%emt 0:00:01]} 7. g3 {[%emt 0:00:00]} Bd7 {[%emt 0:00:00]} 8. Bg2 {[%emt 0:00:00]} Nc6 {[%emt 0:00:00]} 9. O-O {[%emt 0:00:00]} Nxd4 {[%emt 0:00:00]} 10. Qxd4 {[%emt 0:00:00]} Bc6 {[%emt 0:00:00]} 11. Bg5 {[%emt 0:00:02]} e5 {[%emt 0:00:01]} 12. Qd2 {[%emt 0:00:01]} Be7 {[%emt 0:00:00]} 13. Rad1 {[%emt 0:00:00]} O-O {[%emt 0:00:04]} 14. Bxf6 {[%emt 0:00:01]} gxf6 {[%emt 0:00:02]} 15. Bh3 {[%emt 0:00:03]} Re8 {[%emt 0:00:04]} 16. Bf5 {[%emt 0:00:01]} Bf8 {[%emt 0:00:01]} 17. b4 {[%emt 0:00:00]} Bd7 {[%emt 0:00:02]} 18. Bxd7 {[%emt 0:00:02]} Qxd7 {[%emt 0:00:00]} 19. Nd5 {[%emt 0:00:00]} Qd8 {[%emt 0:00:03]} 20. a5 {[%emt 0:00:01]} Rc8 {[%emt 0:00:01]} 21. c3 {[%emt 0:00:00]} Bg7 {[%emt 0:00:00]} 22. Qe2 {[%emt 0:00:01]} Rc6 {[%emt 0:00:01]} 23. Qg4 {[%emt 0:00:01]} Qc8 {[%emt 0:00:01]} 24. Rd3 {[%emt 0:00:01]} Qxg4 {[%emt 0:00:01] IceQueen resigns IceQueen resigns IceQueen resigns (Lag: Av=0.75s, max=1.4s) (Lag: Av=0.75s, max=1.4s) (Lag: Av=0.75s, max=1.4s)} 0-1

[Event "Stay Safe Play From Home 392"]
[Site "Emanuel Lasker Arena"]
[Date "2020.08.18"]
[Round "5"]
[White "AChessPlayer"]
[Black "Stefanone"]
[Result "1-0"]
[WhiteElo "2356"]
[BlackElo "1924"]
[PlyCount "35"]
[EventDate "2020.08.18"]
[EventType "swiss (blitz)"]

1. Nf3 {[%emt 0:00:01]} e6 {[%emt 0:00:02]} 2. g3 {[%emt 0:00:00]} d5 {[%emt 0:00:01]} 3. Bg2 {[%emt 0:00:00]} Nf6 {[%emt 0:00:00]} 4. O-O {[%emt 0:00:00]} b6 {[%emt 0:00:00]} 5. b3 {[%emt 0:00:02]} Bb7 {[%emt 0:00:01]} 6. Bb2 {[%emt 0:00:00]} Bd6 {[%emt 0:00:01]} 7. c4 {[%emt 0:00:00]} Qe7 {[%emt 0:00:01]} 8. Ne5 {[%emt 0:00:01]} Bxe5 {[%emt 0:00:02]} 9. Bxe5 {[%emt 0:00:01]} Ne4 {[%emt 0:00:00]} 10. Bxg7 {[%emt 0:00:02]} Rg8 {[%emt 0:00:01]} 11. Bb2 {[%emt 0:00:00]} f5 {[%emt 0:00:01]} 12. d3 {[%emt 0:00:01]} Nf6 {[%emt 0:00:01]} 13. Qd2 {[%emt 0:00:01]} Nbd7 {[%emt 0:00:00]} 14. Nc3 {[%emt 0:00:02]} O-O-O {[%emt 0:00:01]} 15. cxd5 {[%emt 0:00:01]} exd5 {[%emt 0:00:01]} 16. Nb5 {[%emt 0:00:00]} Kb8 {[%emt 0:00:01]} 17. Rac1 {[%emt 0:00:00]} c6 {[%emt 0:00:01]} 18. Qf4+ {[%emt 0:00:01] Stefanone abbandona (Lag: Av=0.34s, max=0.7s)} 1-0